Komunikácia v dejinách l'udskej spoločnosti
| Titel: | Komunikácia v dejinách l'udskej spoločnosti / Richard R. Senček a kolektív |
|---|---|
| Verfasser: | |
| Ausgabe: | Vydanie: prvé |
| Veröffentlicht: | Banská Bystrica : Slovenská pošta, 2016 |
| Umfang: | 231 Seiten : Illustrationen, Karten, Diagramme |
| Format: | Buch |
| Sprache: | Slowakisch |
| ISBN: | 9788097219710 |
| Hinweise zum Inhalt: |
Cover
Abstract Inhaltsverzeichnis |
alg: 53115746 001A $03004:01-07-25 001B $01999:15-08-25 $t12:28:43.000 001D $03004:29-07-25 001U $0utf8 001X $00 002@ $0Aau 002C $aText $btxt $2rdacontent 002D $aohne Hilfsmittel zu benutzen $bn $2rdamedia 002E $aBand $bnc $2rdacarrier 003@ $0531157466 004A $A978-80-972197-1-0 007A $0531157466 $aHEB 007G $0 009P $qapplication/pdf $A2 $3Cover $uhttp://scans.hebis.de/HEBCGI/show.pl?53115746_cov.pdf $mV:DE-603;B:DE-Mb50 009P $qapplication/pdf $A2 $3Abstract $uhttp://scans.hebis.de/HEBCGI/show.pl?53115746_sum.pdf $mV:DE-603;B:DE-Mb50 009P $qapplication/pdf $A2 $3Inhaltsverzeichnis $uhttp://scans.hebis.de/HEBCGI/show.pl?53115746_toc.pdf $mV:DE-603;B:DE-Mb50 010@ $aslo 010E $erda 011@ $a2016 021A $aKomunikácia v dejinách l'udskej spoločnosti $hRichard R. Senček a kolektív 028A $BHerausgeber $4edt $71372658963 $8Senček, Richard R.$Z1973- [Tp3] $9532034694 032@ $aVydanie: prvé 033A $pBanská Bystrica $nSlovenská pošta 034D $a231 Seiten 034M $aIllustrationen, Karten, Diagramme 037A $aLiteraturverzeichnis Seite 214-215 044K $RTschechoslowakei $RTschechoslowakei $#Slowakei $#Slowakei $#Slowakei $#Slowakische Republik (1938-1945) $#Slowakische Republik $#Oberungarn $#Slovensko $#Slovenská Republika $#Slovenská SR $#SSR $#Slovakia $#Slovaquie $#Slovak Republic $#République Slovaque $#Slovenská Socialistická Republika $#Slowakische Sozialistische Republik $#Slovak Socialist Republic $#République Socialiste Slovaque $74055297-4 $8Slowakei [Tg1] $9085153834 044K $RÖsterreich $RUngarn $#Österreich-Ungarn $#Österreich-Ungarn $#Österreichisch-Ungarische Monarchie $#Donaumonarchie $#Doppelmonarchie $#Habsburgerreich 1867-1918 $#Habsburgisches Reich 1867-1918 $#Habsburgermonarchie 1867-1918 $#Osztrák-Magyar Birodalom $#Monarchie Austro-Hongroise $#Empire Austro-Hongrois $#Austria-Hungary $#Austrian-Hungarian Monarchy $#Austrian-Hungarian Empire $#Austria-Hungría $#Austria-Ungheria $#Monarchia Austro-Ungarica $#Austro-We̜gry $#Österreich-Ungarische Monarchie $#Österreichisch-Ungarisches Reich $#Osztrák-Magyar Monarchia $#Autriche-Hongrie $74075613-0 $8Österreich-Ungarn [Tg1] $9085213861 044K $RInformationsaustausch $RKommunikationssystem $RKommunikationspartner $#Communication $#Communication $#Comunicación $#Communication $#Kommunikation $#Kommunikation $#Informationsprozess $#Kommunikationsprozess $#Informationsprozess $74031883-7 $8Kommunikation [Tsz] $9085084581 044K $#Postal service $#Postes $#Postsektor $#Post $#Post- und Fernmeldewesen $#Postdienste $#Postwesen $#Postdienst $#Postbetrieb $#Post- und Fernmeldewesen $#Postverkehr $74046886-0 $8Post [Ts1] $9085130877 045F $a070.9 $eDDC23BSB 045F/01 $a070.7 045F/03 $f0903 045F/03 $f0904 045F/03 $g4373 045R $aGeschichte 1250-2010 046L $aBeiträge teilweise slowakisch, teilweise tschechisch lok: 53115746 24 exp: 53115746 24 1 #EPN 201B/01 $029-07-25 $t09:44:24.000 201C/01 $001-07-25 201U/01 $0utf8 203@/01 $01310514097 208@/01 $a22-07-25 $bz 209A/01 $a25.03793 $du $f050 $h25 03793 $x00 209C/01 $a25.03793 K $h25 03793 K 209G/01 $a74852548 $x00 220C/01 $akoe 247C/01 $8358050-7Marburg, Bibliothek des Herder-Instituts Marburg $9102600961
| LEADER | 00000cam a2200000 c 4500 | ||
|---|---|---|---|
| 001 | 531157466 | ||
| 003 | DE-603 | ||
| 005 | 20250815122843.0 | ||
| 007 | tu | ||
| 008 | 250701s2016 xx |||| | u00||u|slo c | ||
| 020 | |a 9788097219710 | ||
| 035 | |a (DE-599)HEB531157466 | ||
| 040 | |a DE-603 |b ger |c DE-603 |d DE-603 |e rda | ||
| 041 | |a slo | ||
| 082 | 0 | 4 | |8 1\u |a 070.9 |q DE-101 |2 23/BSB |
| 085 | |8 1\u |b 070.7 | ||
| 085 | |8 1\u |z 1 |s 0903 | ||
| 085 | |8 1\u |z 1 |s 0904 | ||
| 085 | |8 1\u |z 2 |s 4373 | ||
| 100 | 1 | |a Senček, Richard R. |d 1973- |e Herausgeber |4 edt |0 (DE-603)532034694 |0 (DE-588)1372658963 |2 gnd | |
| 245 | 0 | 0 | |a Komunikácia v dejinách l'udskej spoločnosti |c Richard R. Senček a kolektív |
| 250 | |a Vydanie: prvé | ||
| 264 | 1 | |a Banská Bystrica |b Slovenská pošta |c 2016 | |
| 300 | |a 231 Seiten |b Illustrationen, Karten, Diagramme | ||
| 336 | |a Text |b txt |2 rdacontent | ||
| 337 | |a ohne Hilfsmittel zu benutzen |b n |2 rdamedia | ||
| 338 | |a Band |b nc |2 rdacarrier | ||
| 500 | |a Literaturverzeichnis Seite 214-215 | ||
| 546 | |a Beiträge teilweise slowakisch, teilweise tschechisch | ||
| 648 | 7 | |a Geschichte 1250-2010 |2 gnd | |
| 650 | 7 | |a Kommunikation |0 (DE-588)4031883-7 |0 (DE-603)085084581 |2 gnd | |
| 650 | 7 | |a Post |0 (DE-588)4046886-0 |0 (DE-603)085130877 |2 gnd | |
| 651 | 7 | |a Slowakei |0 (DE-588)4055297-4 |0 (DE-603)085153834 |2 gnd | |
| 651 | 7 | |a Österreich-Ungarn |0 (DE-588)4075613-0 |0 (DE-603)085213861 |2 gnd | |
| 856 | 4 | 2 | |m V:DE-603;B:DE-Mb50 |q application/pdf |u http://scans.hebis.de/HEBCGI/show.pl?53115746_cov.pdf |3 Cover |
| 856 | 4 | 2 | |m V:DE-603;B:DE-Mb50 |q application/pdf |u http://scans.hebis.de/HEBCGI/show.pl?53115746_sum.pdf |3 Abstract |
| 856 | 4 | 2 | |m V:DE-603;B:DE-Mb50 |q application/pdf |u http://scans.hebis.de/HEBCGI/show.pl?53115746_toc.pdf |3 Inhaltsverzeichnis |
| 924 | 0 | |9 Mb 50 |a (DE-603)1310514097 |b DE-Mb50 |c HES |d c |g 25.03793 | |


